NATIONAL CONFERENCE ON TALL BUILDINGS (Record no. 814590)

MARC details
000 -LEADER
fixed length control field 00382pam a2200169a 44500
008 - FIXED-LENGTH DATA ELEMENTS--GENERAL INFORMATION
fixed length control field 230405s1973 xxu||||| |||| 00| 0 eng d
041 ## - LANGUAGE CODE
Language code of text/sound track or separate title ENG
100 ## - MAIN ENTRY--PERSONAL NAME
Personal name -
245 ## - TITLE STATEMENT
Title NATIONAL CONFERENCE ON TALL BUILDINGS
250 ## - EDITION STATEMENT
Edition statement 1973
260 ## - PUBLICATION, DISTRIBUTION, ETC.
Place of publication, distribution, etc. MUMBAI
Name of publisher, distributor, etc. PRELIMINARY PUB
Date of publication, distribution, etc. 1973
300 ## - PHYSICAL DESCRIPTION
Extent H.B, MISE PAGE
650 ## - SUBJECT ADDED ENTRY--TOPICAL TERM
Topical term or geographic name entry element CIVIL
690 ## - LOCAL SUBJECT ADDED ENTRY--TOPICAL TERM (OCLC, RLIN)
Topical term or geographic name as entry element CIVIL
700 ## - ADDED ENTRY--PERSONAL NAME
Personal name -
906 ## - LOCAL DATA ELEMENT F, LDF (RLIN)
a 395
Holdings
Withdrawn status Lost status Damaged status Not for loan Collection Home library Current library Date acquired Total Checkouts Barcode Date last seen Price effective from Koha item type
          College of Engineering, Kolhapur College of Engineering, Kolhapur 16/11/2010   ECK-UG-1389 16/08/2023 16/08/2023 Book